| 000 | 00640nam a22001577a 4500 | ||
|---|---|---|---|
| 008 | 160604b xxu||||| |||| 00| 0 eng d | ||
| 082 |
_22007 _aUT 0058 _bM27 |
||
| 100 |
_910153 _aMagno, Bernardino P. _bJr. |
||
| 245 |
_aAcademic and personality profile of language teachers and linguistic performance of students/ _cBernardino P. Magno Jr., Janice A. Eltagonde and Sr. Rialyn S. Lopez, ADM. |
||
| 260 |
_aDigos City: _bUMDC _cMarch 2007. |
||
| 300 |
_a68 pages; _c28 cm. |
||
| 650 | 0 |
_910151 _aEducation _vEnglish _xUndergraduate thesis. |
|
| 700 |
_910148 _aEltagonde, Janice A. |
||
| 700 |
_910149 _aLopez, Rialyn S. _bADM _cSr. |
||
| 942 |
_2ddc _cUT |
||
| 999 |
_c3040 _d3040 |
||